[Event "Pecs Suto op"]
[Site "Pecs"]
[Date "1997.??.??"]
[Round "?"]
[White "Szep, Attila"]
[Black "Solti, Laszlo"]
[Result "1/2-1/2"]
[WhiteElo "2040"]
[BlackElo "2085"]
[PlyCount "110"]
[EventDate "1997.??.??"]
[EventType "swiss"]
[EventRounds "9"]
[EventCountry "HUN"]
[SourceTitle "EXT 2004"]
[Source "ChessBase"]
[SourceDate "2003.11.25"]
[SourceVersion "1"]
[SourceVersionDate "2003.11.25"]
[SourceQuality "1"]

1. e4 e6 2. d4 d5 3. Nd2 Nf6 4. e5 Nfd7 5. c3 c5 6. Bb5 cxd4 7. cxd4 Qb6 8. Qa4 a6 9. Bd3 Nc6 10. Ne2 Be7 11. 0-0 Qc7 12. a3 b5 13. Qc2 Qb6 14. Nf3 h6 15. Be3 b4 16. Rac1 Bb7 17. a4 b3 18. Qd1 Rc8 19. Nd2 Na5 20. Rxc8+ Bxc8 21. Nc1 Qb4 22. Ncxb3 Qxa4 23. Qc2 Nc4 24. Nxc4 dxc4 25. Qxc4 Qxc4 26. Bxc4 Bb7 27. Ra1 Nb8 28. Na5 Ba8 29. f4 g6 30. Kf2 h5 31. Nb3 Bb7 32. Nc5 Bxc5 33. dxc5 0-0 34. Rd1 Rc8 35. Rd6 Kf8 36. g3 Ke7 37. b4 Nc6 38. Bd2 Rc7 39. Ke3 Nb8 40. Kd4 Rd7 41. b5 axb5 42. Bxb5 Bc6 43. Kc4 Rxd6 44. exd6+ Kd7 45. Bc3 Bxb5+ 46. Kxb5 Nc6 47. Kb6 Nb8 48. Kb5 Nc6 49. Bg7 Nb8 50. Bf6 Nc6 51. Bc3 Nb8 52. Ba5 Nc6 53. Bc7 Nd4+ 54. Kc4 Nf3 55. Kb5 Nd4+ 1/2-1/2

[Event "Balatonbereny op-B"]
[Site "Balatonbereny"]
[Date "1996.??.??"]
[Round "6"]
[White "Richter, Juergen"]
[Black "Szep, Attila"]
[Result "0-1"]
[WhiteElo "2035"]
[BlackElo "2065"]
[PlyCount "76"]
[EventDate "1996.06.??"]
[EventType "swiss"]
[EventRounds "9"]
[EventCountry "HUN"]
[SourceTitle "CBM 053 Extra"]
[Source "ChessBase"]
[SourceDate "1996.09.01"]
[SourceVersion "1"]
[SourceVersionDate "1996.09.01"]
[SourceQuality "1"]

1. e4 c6 2. d3 d5 3. Nd2 e5 4. g3 Bd6 5. Bg2 Ne7 6. Ngf3 0-0 7. 0-0 f5 8. c3 Nd7 9. Qc2 Nf6 10. a4 a5 11. Re1 Qc7 12. c4 fxe4 13. dxe4 dxe4 14. Nxe4 Nxe4 15. Rxe4 Bf5 16. c5 Bxc5 17. Qc4+ Nd5 18. Rxe5 Qb6 19. Qe2 Bg6 20. Bh3 Kh8 21. Be6 Bd6 22. Rg5 Rae8 23. Rxg6 hxg6 24. Qf1 Nf6 25. Ng5 Nh5 26. Nf7+ Rxf7 27. Bxf7 Rf8 28. Bxg6 Rxf2 29. Qxf2 Bc5 30. Be3 Bxe3 31. Rf1 Nf6 32. Kg2 Bxf2 33. Rxf2 Qd4 34. Rf3 Qd2+ 35. Rf2 Qg5 36. Bc2 Qd5+ 37. Kf1 Kg8 38. Ke1 Kf7 0-1

[Event "Balatonbereny op-B"]
[Site "Balatonbereny"]
[Date "1996.??.??"]
[Round "8"]
[White "Schenkerik, Csaba"]
[Black "Szep, Attila"]
[Result "0-1"]
[WhiteElo "2175"]
[BlackElo "2065"]
[PlyCount "88"]
[EventDate "1996.06.??"]
[EventType "swiss"]
[EventRounds "9"]
[EventCountry "HUN"]
[SourceTitle "CBM 053 Extra"]
[Source "ChessBase"]
[SourceDate "1996.09.01"]
[SourceVersion "1"]
[SourceVersionDate "1996.09.01"]
[SourceQuality "1"]

1. e4 c6 2. d4 d5 3. exd5 cxd5 4. c4 Nf6 5. Nc3 Nc6 6. Nf3 Bg4 7. cxd5 Nxd5 8. Qb3 Bxf3 9. gxf3 e6 10. Qxb7 Nxd4 11. Bb5+ Nxb5 12. Qc6+ Ke7 13. Qxb5 Nxc3 14. bxc3 Qd5 15. Qxd5 exd5 16. Be3 Ke6 17. Rb1 Bd6 18. Kd2 Rhb8 19. h3 Rxb1 20. Rxb1 Rb8 21. Rxb8 Bxb8 22. Kd3 a6 23. Bd4 g6 24. c4 h5 25. Be3 Be5 26. Bd4 Bxd4 27. Kxd4 dxc4 28. Kxc4 g5 29. Kd4 Kf5 30. Ke3 a5 31. a4 f6 32. f4 gxf4+ 33. Kf3 h4 34. Ke2 Ke4 35. f3+ Kd4 36. Kd2 Kc4 37. Kc2 Kb4 38. Kd3 Kxa4 39. Ke4 Kb3 40. Kxf4 a4 41. Kf5 a3 42. Kxf6 a2 43. Kg5 a1Q 44. Kxh4 Kc4 0-1

[Event "Balatonbereny op-B"]
[Site "Balatonbereny"]
[Date "1996.??.??"]
[Round "9"]
[White "Szep, Attila"]
[Black "Nagy, Janos"]
[Result "1/2-1/2"]
[WhiteElo "2065"]
[BlackElo "2295"]
[PlyCount "108"]
[EventDate "1996.06.??"]
[EventType "swiss"]
[EventRounds "9"]
[EventCountry "HUN"]
[SourceTitle "CBM 053 Extra"]
[Source "ChessBase"]
[SourceDate "1996.09.01"]
[SourceVersion "1"]
[SourceVersionDate "1996.09.01"]
[SourceQuality "1"]

1. e4 c5 2. c3 d5 3. exd5 Qxd5 4. d4 Nc6 5. Nf3 e5 6. Nxe5 Nxe5 7. dxe5 Qxe5+ 8. Be3 Bd7 9. Be2 Qc7 10. Nd2 Nf6 11. Bf3 Be7 12. 0-0 0-0 13. g3 Rad8 14. Qc2 Bc6 15. Bxc6 Qxc6 16. Rfe1 Nd5 17. Rad1 Rd7 18. Nc4 Nxe3 19. Rxe3 Rxd1+ 20. Qxd1 Rd8 21. Rd3 Rxd3 22. Qxd3 Qe6 23. Qe3 Qxe3 24. Nxe3 b5 25. b3 g6 26. c4 a6 27. Nd5 Bd8 28. g4 f6 29. Kg2 Kf7 30. Kf3 Ke6 31. Nf4+ Ke5 32. Ke3 Bb6 33. Nd5 Bd8 34. f4+ Ke6 35. h3 h6 36. Ke4 f5+ 37. Kf3 h5 38. gxh5 gxh5 39. Ke3 b4 40. Kf3 h4 41. Ne3 Be7 42. Ke2 Bd8 43. Kd3 Bc7 44. Ng2 Bd8 45. Ke3 Bf6 46. Ne1 Be7 47. Nf3 Bf6 48. Kd3 Bd8 49. Ke2 Bf6 50. Ke3 Bd8 51. Ne1 Be7 52. Nc2 Bd6 53. Ne1 Be7 54. Nf3 Bf6 1/2-1/2

[Event "Zalakaros op 14th"]
[Site "Zalakaros"]
[Date "1995.??.??"]
[Round "3"]
[White "Kernazhitsky, Leonid"]
[Black "Szep, Attila"]
[Result "0-1"]
[WhiteElo "2275"]
[BlackElo "2060"]
[PlyCount "102"]
[EventDate "1995.??.??"]
[EventType "swiss"]
[EventRounds "9"]
[EventCountry "HUN"]
[SourceTitle "EXT 1997"]
[Source "ChessBase"]
[SourceDate "1996.11.15"]
[SourceVersion "1"]
[SourceVersionDate "1996.11.15"]
[SourceQuality "1"]

1. e4 c6 2. d4 d5 3. e5 Bf5 4. Nf3 Qb6 5. Be2 h6 6. 0-0 e6 7. b3 Nd7 8. Be3 Ne7 9. c4 dxc4 10. bxc4 Qc7 11. Nc3 a6 12. Rc1 c5 13. Qa4 0-0-0 14. dxc5 Nxc5 15. Bxc5 Qxc5 16. Rfd1 Nc6 17. Rxd8+ Nxd8 18. Qd1 Nc6 19. Na4 Qa5 20. c5 Be7 21. Nb6+ Kb8 22. Nd4 Be4 23. Nb3 Qxa2 24. Bc4 Qb2 25. Qe1 Bg6 26. Qe3 Rd8 27. f4 Bh7 28. Bf1 g5 29. Nc4 gxf4 30. Qh3 Qa2 31. Qc3 Qa4 32. Nd6 Qb4 33. Qxb4 Nxb4 34. Nxf7 Rf8 35. Nd6 f3 36. gxf3 Rxf3 37. Nd4 Bg5 38. Rc4 Be3+ 39. Kg2 Rf2+ 40. Kg3 Nd5 41. Bh3 Bd3 42. Ra4 Rf4 43. Bxe6 Bf2+ 44. Kg2 Ne3+ 45. Kh1 Bf1 46. h3 Rh4 47. Kh2 Bd3 48. Kh1 Nf1 49. Rb4 Rxd4 50. Rxb7+ Ka8 51. Rb2 Rxd6 0-1

[Event "Zalakaros op 14th"]
[Site "Zalakaros"]
[Date "1995.??.??"]
[Round "7"]
[White "Szep, Attila"]
[Black "Porubszky Angyalosine, Maria A"]
[Result "1/2-1/2"]
[WhiteElo "2060"]
[BlackElo "2225"]
[PlyCount "121"]
[EventDate "1995.??.??"]
[EventType "swiss"]
[EventRounds "9"]
[EventCountry "HUN"]
[SourceTitle "EXT 1997"]
[Source "ChessBase"]
[SourceDate "1996.11.15"]
[SourceVersion "1"]
[SourceVersionDate "1996.11.15"]
[SourceQuality "1"]

1. e4 c5 2. c3 g6 3. d4 cxd4 4. cxd4 d5 5. exd5 Nf6 6. Bb5+ Nbd7 7. Nc3 Bg7 8. Nge2 0-0 9. 0-0 Nb6 10. d6 Qxd6 11. Bf4 Qd8 12. Qd2 Be6 13. Bh6 Nc4 14. Bxc4 Bxc4 15. Bxg7 Kxg7 16. Rfd1 e6 17. b3 Bxe2 18. Qxe2 Rc8 19. Rac1 Rc6 20. Qe5 Kg8 21. Ne4 Nd7 22. Qf4 Qb6 23. Rxc6 Qxc6 24. Rc1 Qd5 25. Ng5 h6 26. Nf3 Kg7 27. h3 g5 28. Qc7 Nb6 29. Rc5 Qe4 30. Re5 Qf4 31. Qxb7 Rc8 32. Re1 Rc1 33. Rxc1 Qxc1+ 34. Kh2 Nd5 35. Qb8 Nf4 36. Qe5+ f6 37. Qe1 Qc2 38. Qd2 Qf5 39. Ne1 Qd5 40. g3 Nxh3 41. Qe2 Qf5 42. f3 h5 43. Nd3 g4 44. f4 Qb5 45. Qe4 Qa5 46. Qe2 Qc3 47. Nc5 Qc1 48. Nxe6+ Kh6 49. Qg2 Qe3 50. d5 f5 51. Nd8 h4 52. Ne6 hxg3+ 53. Qxg3 Qd2+ 54. Qg2 Nf2 55. Kg1 Qe1+ 56. Kh2 g3+ 57. Kxg3 Ng4+ 58. Kh3 Nf2+ 59. Kh2 Ng4+ 60. Kh3 Nf2+ 61. Kh2 1/2-1/2

[Event "Zalakaros op 13th"]
[Site "Zalakaros"]
[Date "1994.??.??"]
[Round "2"]
[White "Szep, Attila"]
[Black "Horvath, Imre"]
[Result "1/2-1/2"]
[WhiteElo "2035"]
[BlackElo "2390"]
[PlyCount "121"]
[EventDate "1994.??.??"]
[EventType "swiss"]
[EventRounds "9"]
[EventCountry "HUN"]
[SourceTitle "TD"]
[Source "ChessBase"]
[SourceDate "1994.03.01"]
[SourceVersion "1"]
[SourceVersionDate "1994.03.01"]
[SourceQuality "1"]

1. e4 e5 2. Nf3 d6 3. d4 Bg4 4. dxe5 Nc6 5. Be2 dxe5 6. Be3 Nf6 7. Nbd2 Qd7 8. c3 Bd6 9. Qc2 Bh5 10. Nc4 Bg6 11. Nfd2 Be7 12. Rd1 0-0 13. f3 Rad8 14. b4 a6 15. Nb3 Qc8 16. 0-0 Nd5 17. Bc5 Bxc5+ 18. Nxc5 b5 19. Qb2 Nf4 20. Ne3 Nb8 21. a4 c6 22. c4 Nd7 23. Nxd7 Rxd7 24. axb5 cxb5 25. cxb5 axb5 26. Bxb5 Rxd1 27. Rxd1 Qb8 28. Bc4 Qb6 29. Qc3 h5 30. Kh1 h4 31. Nd5 Nxd5 32. Bxd5 h3 33. Qc5 Qf6 34. Qf2 hxg2+ 35. Kxg2 Rb8 36. Rb1 Qg5+ 37. Kh1 Bh5 38. Bc4 Qf4 39. Be2 f5 40. Qg3 fxe4 41. Qxf4 exf4 42. Bc4+ Kh7 43. fxe4 Bf3+ 44. Kg1 Bxe4 45. Re1 Bf5 46. b5 g5 47. Re5 Kg6 48. Rc5 g4 49. Bd5 Kf6 50. Bc6 Bd3 51. Rd5 Bf5 52. Rd6+ Ke7 53. Rd4 f3 54. Rf4 Be6 55. Ra4 Kd6 56. Ra8 Rxa8 57. Bxa8 Kc5 58. Kf2 Bd5 59. Bxd5 Kxd5 60. h3 gxh3 61. Kxf3 1/2-1/2

[Event "Cseppko op 03rd"]
[Site "Aggtelek"]
[Date "1994.??.??"]
[Round "2"]
[White "Szep, Attila"]
[Black "Kovacs, Arthur"]
[Result "1/2-1/2"]
[WhiteElo "2035"]
[BlackElo "2145"]
[PlyCount "86"]
[EventDate "1994.??.??"]
[EventType "swiss"]
[EventRounds "9"]
[EventCountry "HUN"]
[SourceTitle "EXT 1999"]
[Source "ChessBase"]
[SourceDate "1998.11.16"]
[SourceVersion "1"]
[SourceVersionDate "1998.11.16"]
[SourceQuality "1"]

1. e4 c6 2. d4 d5 3. Nc3 dxe4 4. Nxe4 Nd7 5. Bd3 Ngf6 6. Ne2 Nxe4 7. Bxe4 Nf6 8. Bd3 e6 9. c4 Be7 10. Bf4 0-0 11. 0-0 c5 12. dxc5 Bxc5 13. Qc2 b6 14. Rad1 Qe7 15. Nc3 Bb7 16. a3 Rfd8 17. Be5 h6 18. Bxf6 Qxf6 19. Be4 Qe7 20. Bxb7 Qxb7 21. Rd3 Rxd3 22. Qxd3 Be7 23. Rd1 Rd8 24. Qe2 Rxd1+ 25. Qxd1 Qc6 26. Qd3 Bf6 27. Nd1 Qc5 28. Kf1 g6 29. g3 Kf8 30. b4 Qd4 31. Qxd4 Bxd4 32. Ke2 Ke7 33. Kd3 Bg7 34. f3 Kd6 35. Nc3 Bxc3 36. Kxc3 e5 37. Kd3 f5 38. h3 Kc6 39. g4 h5 40. Ke3 Kd6 41. Kd3 h4 42. Ke3 Kc6 43. Kd3 Kd6 1/2-1/2

[Event "Cseppko op 03rd"]
[Site "Aggtelek"]
[Date "1994.??.??"]
[Round "9"]
[White "Szep, Attila"]
[Black "Timar, Zsolt"]
[Result "0-1"]
[WhiteElo "2035"]
[BlackElo "2225"]
[PlyCount "160"]
[EventDate "1994.??.??"]
[EventType "swiss"]
[EventRounds "9"]
[EventCountry "HUN"]
[SourceTitle "EXT 1999"]
[Source "ChessBase"]
[SourceDate "1998.11.16"]
[SourceVersion "1"]
[SourceVersionDate "1998.11.16"]
[SourceQuality "1"]

1. e4 Nf6 2. Nc3 e5 3. Bc4 Bc5 4. Nf3 Nc6 5. 0-0 0-0 6. a3 d6 7. h3 h6 8. b4 Bd4 9. Qe2 Nh5 10. Qe1 Bb6 11. Ne2 Qf6 12. Nh2 Qg6 13. Kh1 Qxe4 14. d3 Qg6 15. g4 Nf6 16. Rg1 Nh7 17. Rg2 Be6 18. f4 Bxc4 19. f5 Qf6 20. dxc4 a5 21. Rb1 axb4 22. axb4 Ra2 23. Nc3 Raa8 24. h4 Nd4 25. Ne4 Qd8 26. c3 Nc6 27. g5 h5 28. g6 fxg6 29. fxg6 Nf6 30. Bg5 Qd7 31. Bxf6 gxf6 32. Qe2 Kg7 33. Rf1 Ne7 34. Qxh5 Rh8 35. Nxf6 Rxh5 36. Nxh5+ Kh6 37. Ng4+ Qxg4 38. Rxg4 Kxh5 39. Rg5+ Kxh4 40. Rg2 Be3 41. g7 Bf4 42. Rfg1 Rg8 43. Ra1 Kh3 44. Kg1 Bg3 45. Rf1 Rxg7 46. Kh1 Rh7 47. Kg1 Kg4 48. Rf6 Nf5 49. c5 dxc5 50. bxc5 Rd7 51. Rxf5 Kxf5 52. Rxg3 Ke6 53. Kf2 Rd2+ 54. Ke1 Rd5 55. c6 bxc6 56. Ke2 Ra5 57. Rg4 Kd5 58. Kd3 Ra3 59. Rh4 c5 60. Rh7 c4+ 61. Kc2 Ra2+ 62. Kd1 c5 63. Rd7+ Ke4 64. Rh7 Kd5 65. Rd7+ Ke6 66. Rc7 Kd6 67. Rh7 e4 68. Rh6+ Ke5 69. Rh5+ Kf4 70. Rh4+ Kf3 71. Rh3+ Kg4 72. Rh8 e3 73. Rg8+ Kf3 74. Rf8+ Ke4 75. Re8+ Kd3 76. Kc1 Rc2+ 77. Kb1 Rxc3 78. Re5 Kd2 79. Rh5 e2 80. Rd5+ Rd3 0-1